Statistics for Pokémon A-Z Quiz

Click here to take the quiz!

General Stats

  • This quiz has been taken 110 times
    (105 since last reset)
  • The average score is 19 of 26

Answer Stats

LetterTypeRegionPokémon% Correct
BBug/FlyingKantoButterfree
93%
PElectricKantoPikachu
86%
HDark/FireJohtoHoundoom
85%
GDragon/GroundSinnohGarchomp
84%
CFire/GroundHoennCamerupt
82%
IFire/FightingSinnohInfernape
82%
DSteel/DragonSinnohDialga
81%
QWater/GroundJohtoQuagsire
81%
JElectricKantoJolteon
80%
NNormal/FlyingJohtoNoctowl
80%
ARock/FlyingUnovaArcheops
77%
ORock/WaterKantoOmastar
77%
YBug/FlyingSinnohYanmega
77%
XPsychic/FlyingJohtoXatu
76%
SWater/DarkHoennSharpedo
74%
UDarkJohtoUmbreon
74%
FWaterJohtoFeraligatr
72%
KSteelUnovaKlinklang
68%
RGround/RockSinnohRhyperior
66%
VGrass/PoisonKantoVictreebel
66%
ZDarkUnovaZoroark
66%
EFireJohtoEntei
65%
MFighting/GhostAlolaMarshadow
62%
TFightingUnovaThroh
58%
LGround/FlyingUnovaLandorus
55%
WWaterAlolaWishiwashi
54%

Score Distribution

Percentile by Number Answered

Percent of People with Each Score

Your Score History

You have not taken this quiz since the last reset